000 00491nam a2200169Ia 4500
008 230312s9999 xx 000 0 und d
041 _aeng
082 _a620.106
_b620.106 RAJ
100 _aRajput R.K.
_9137180
245 _aTextbook Of Hydraulic Machines
_bFluid Mechanics And Hydraulic Machines, Part-II
260 _c2010
_bS. Chand And Company
300 _a1003 to 1373
365 _cRs.
_b175.00
710 _aRajput R.K.
_9137181
906 _b131.25
999 _c133032
_d133032